<?xml version="1.0" encoding="UTF-8"?><?xml-stylesheet type="text/xsl" href="static/style.xsl"?><OAI-PMH xmlns="http://www.openarchives.org/OAI/2.0/" xmlns:xsi="http://www.w3.org/2001/XMLSchema-instance" xsi:schemaLocation="http://www.openarchives.org/OAI/2.0/ http://www.openarchives.org/OAI/2.0/OAI-PMH.xsd"><responseDate>2026-06-03T23:29:46Z</responseDate><request verb="GetRecord" identifier="oai:riuma.uma.es:10630/28830" metadataPrefix="marc">https://riuma.uma.es/rest/oai/request</request><GetRecord><record><header><identifier>oai:riuma.uma.es:10630/28830</identifier><datestamp>2026-02-03T11:22:18Z</datestamp><setSpec>com_10630_2254</setSpec><setSpec>col_10630_37953</setSpec></header><metadata><record xmlns="http://www.loc.gov/MARC21/slim" xmlns:dcterms="http://purl.org/dc/terms/" xmlns:doc="http://www.lyncode.com/xoai" xmlns:xsi="http://www.w3.org/2001/XMLSchema-instance" xsi:schemaLocation="http://www.loc.gov/MARC21/slim http://www.loc.gov/standards/marcxml/schema/MARC21slim.xsd">
   <leader>00925njm 22002777a 4500</leader>
   <datafield ind2=" " ind1=" " tag="042">
      <subfield code="a">dc</subfield>
   </datafield>
   <datafield ind2=" " ind1=" " tag="720">
      <subfield code="a">Castillejos Anguiano, Mª Carmen</subfield>
      <subfield code="e">author</subfield>
   </datafield>
   <datafield ind2=" " ind1=" " tag="720">
      <subfield code="a">Martín-Pérez, C.</subfield>
      <subfield code="e">author</subfield>
   </datafield>
   <datafield ind2=" " ind1=" " tag="720">
      <subfield code="a">Moreno-Kustner, Berta</subfield>
      <subfield code="e">author</subfield>
   </datafield>
   <datafield ind2=" " ind1=" " tag="260">
      <subfield code="c">2019</subfield>
   </datafield>
   <datafield ind2=" " ind1=" " tag="520">
      <subfield code="a">In the current study, we aimed to determine if the variability of the incidence rates of psychosis found was associated with methodo-logical aspect of the studies such as: study type, case ascertainment, diagnosis, diagnostic instrument to confirm cases, diagnostic classification system, duration of the case ascertainment, lower and upper age included in the studies and quality of the study.A meta-analysis of these factors was performed for all incidence rates as a whole. For the analysis of subgroups we used a mixed effects model. For each subgroup, heterogeneity was calculated using the Q sta-&#xd;
tistic and its corresponding p-value. In addition, a multivariate regression was performed. We analysed 92 estimates of incidence of psychosis corresponding to 30 citations from our previous meta-analysis. The pooled incidence rates of psychosis (mean effect: 18.30 per 100,000 [14.19–22.42]) revealed that heterogeneity between studies was very high. The final model explains 63.53% of the variability in the incidence rates reported by the different studies. Based on the subgroup analysis, we found statistically significant differences in incidence rates associated with diagnosis, diagnostic instruments used, duration of case ascertainment period and ages of both lower and upper cutoff. Finally, study type and quality of the studies had a weak association.Regarding meta-regression, studies that collected patients in the first contact with mental health units presented higher incidences rated, but with a weak association, more cases are detected in the studies in which the cases are included at the first contact, since there is not always an admission in the first episode. Studies that recruited patients in mental health units and primary care services, or in both and in social services had significantly higher incidence rates than only in primary care.</subfield>
   </datafield>
   <datafield ind1="8" ind2=" " tag="024">
      <subfield code="a">Castillejos MC, Martín-Pérez C, Moreno-Küstner B. Incidence of psychotic disorders and its association with methodological issues. A systematic review and meta-analyses. Schizophr Res. 2019 Feb;204:458-459. doi: 10.1016/j.schres.2018.07.031. Epub 2018 Jul 26. PMID: 30055882.</subfield>
   </datafield>
   <datafield ind1="8" ind2=" " tag="024">
      <subfield code="a">https://hdl.handle.net/10630/28830</subfield>
   </datafield>
   <datafield ind1="8" ind2=" " tag="024">
      <subfield code="a">10.1016/j.schres.2018.07.031</subfield>
   </datafield>
   <datafield tag="653" ind2=" " ind1=" ">
      <subfield code="a">Esquizofrenia</subfield>
   </datafield>
   <datafield ind2="0" ind1="0" tag="245">
      <subfield code="a">Incidence of psychotic disorders and its association with methodological issues. A systematic review and meta-analyses.</subfield>
   </datafield>
</record>
</metadata></record></GetRecord></OAI-PMH>